Henrik Ibsen - Tiểu sử tóm tắt = Henrik Ibsen - A short biography

में बचाया:
ग्रंथसूची विवरण
मुख्य लेखक: Ibsen, Henrik
स्वरूप: पुस्तक
भाषा:Undetermined
प्रकाशित: Hà Nội Thế giới 2006
विषय:
टैग : टैग जोड़ें
कोई टैग नहीं, इस रिकॉर्ड को टैग करने वाले पहले व्यक्ति बनें!
Thư viện lưu trữ: Trung tâm Học liệu Trường Đại học Cần Thơ
LEADER 00567nam a2200205Ia 4500
001 CTU_103384
008 210402s9999 xx 000 0 und d
082 |a 839.82 
082 |b I.14 
100 |a Ibsen, Henrik 
245 0 |a Henrik Ibsen - Tiểu sử tóm tắt = 
245 0 |b Henrik Ibsen - A short biography 
245 0 |c Henrik Ibsen 
260 |a Hà Nội 
260 |b Thế giới 
260 |c 2006 
650 |a Norwegian fiction 
650 |y 19th century 
904 |i Truc 
980 |a Trung tâm Học liệu Trường Đại học Cần Thơ